Most Densely Populated Asian Countries Quiz Stats

Quiz Updated Feb 14, 2018

Challenge
Share
Tweet
Embed
Score 0/20 Timer 02:00
6 Plays Today
Rank Country % Correct
11Japan
93.2%
9India
91.6%
20China
91%
8South Korea
81.8%
1Singapore
81.1%
14Vietnam
76.5%
4Bangladesh
75.1%
15Pakistan
72.4%
6Taiwan
69.9%
10Israel
67.5%
Rank Country % Correct
18North Korea
65.1%
12Philippines
62.7%
17Qatar
59.4%
13Sri Lanka
58.9%
19Nepal
57.8%
16Kuwait
55%
2Bahrain
53.2%
7Lebanon
52.3%
5Palestine
50.4%
3Maldives
36.6%

You're not logged in!

Compare scores with friends on all Sporcle quizzes.
Sign Up with Email
OR
Log In

Show Comments

Extras

Top Quizzes Today


Score Distribution

Your Account Isn't Verified!

In order to create a playlist on Sporcle, you need to verify the email address you used during registration. Go to your Sporcle Settings to finish the process.

Report this User

Report this user for behavior that violates our Community Guidelines.

Details: